<?xml version="1.0" encoding="UTF-8"?><?xml-stylesheet type="text/xsl" href="static/style.xsl"?><OAI-PMH xmlns="http://www.openarchives.org/OAI/2.0/" xmlns:xsi="http://www.w3.org/2001/XMLSchema-instance" xsi:schemaLocation="http://www.openarchives.org/OAI/2.0/ http://www.openarchives.org/OAI/2.0/OAI-PMH.xsd"><responseDate>2026-06-29T02:38:49Z</responseDate><request verb="GetRecord" identifier="oai:docta.ucm.es:20.500.14352/110216" metadataPrefix="marc">https://docta.ucm.es/rest/oai/request</request><GetRecord><record><header><identifier>oai:docta.ucm.es:20.500.14352/110216</identifier><datestamp>2025-08-25T13:08:29Z</datestamp><setSpec>com_20.500.14352_14</setSpec><setSpec>col_20.500.14352_15</setSpec></header><metadata><record xmlns="http://www.loc.gov/MARC21/slim" xmlns:dcterms="http://purl.org/dc/terms/" xmlns:xsi="http://www.w3.org/2001/XMLSchema-instance" xmlns:doc="http://www.lyncode.com/xoai" xsi:schemaLocation="http://www.loc.gov/MARC21/slim http://www.loc.gov/standards/marcxml/schema/MARC21slim.xsd">
   <leader>00925njm 22002777a 4500</leader>
   <datafield ind2=" " ind1=" " tag="042">
      <subfield code="a">dc</subfield>
   </datafield>
   <datafield ind2=" " ind1=" " tag="720">
      <subfield code="a">Fasolini, Donato</subfield>
      <subfield code="e">author</subfield>
   </datafield>
   <datafield ind2=" " ind1=" " tag="260">
      <subfield code="c">2014</subfield>
   </datafield>
   <datafield ind2=" " ind1=" " tag="520">
      <subfield code="a">RIASSUNTO : L’analisi della ascrizione tribale di una area geografica tanto delimitata come le regiones X e XI può comunque fornirci validi suggerimenti per considerare, in un modo più ampio e generale, una questione fino ad oggi poco affrontata: l’ascrizione tribale minorile. Ritenuta sostanzialmente irregolare, l’ascri-zione tribale minorile parrebbe rispondere ad alcune esigenze specifiche della società romana, in par-ticolare la necessità di celebrare, nel defunto, il suo ruolo di futuro cittadino o di ribadire l’importanza di una determinata gens nel contesto di una comunità o di sottolineare l’avvenuto avanzamento sociale degli strati più bassi</subfield>
   </datafield>
   <datafield ind2=" " ind1=" " tag="520">
      <subfield code="a">ABSTRACT : The analysis of tribal ascription in such a circumscribed area as regiones X and XI can nevertheless pro-vide us some substantial hints that permit to consider in a wider and more general sense an issue which has been little dealt with until today: the juvenile tribal ascription. Considered essentially as an irregular feature, it seems to meet some Roman society’s specific needs, in particular the need to celebrate the defunct’s future role as a citizen, or the need to reaffirm the importance of a certain gens in the context of its community, or even the necessity to point out the social advancement achieved by lower classes</subfield>
   </datafield>
   <datafield ind1="8" ind2=" " tag="024">
      <subfield code="a">Fasolini D. (2014). L’ascrizione tribale dei minori nelle Regiones X e XI. Gerión. Revista de Historia Antigua, 32, 225-236. https://doi.org/10.5209/rev_GERI.2014.v32.46673</subfield>
   </datafield>
   <datafield ind1="8" ind2=" " tag="024">
      <subfield code="a">0213-0181</subfield>
   </datafield>
   <datafield ind1="8" ind2=" " tag="024">
      <subfield code="a">10.5209/rev_GERI.2014.v32.46673</subfield>
   </datafield>
   <datafield ind1="8" ind2=" " tag="024">
      <subfield code="a">https://hdl.handle.net/20.500.14352/110216</subfield>
   </datafield>
   <datafield ind1="8" ind2=" " tag="024">
      <subfield code="a">1988-3080</subfield>
   </datafield>
   <datafield ind1="8" ind2=" " tag="024">
      <subfield code="a">https://doi.org/10.5209/rev_GERI.2014.v32.46673</subfield>
   </datafield>
   <datafield ind1="8" ind2=" " tag="024">
      <subfield code="a">https://revistas.ucm.es/index.php/GERI/index</subfield>
   </datafield>
   <datafield ind2="0" ind1="0" tag="245">
      <subfield code="a">L’ascrizione tribale dei minori nelle regiones X e XI</subfield>
   </datafield>
</record></metadata></record></GetRecord></OAI-PMH>